Primer Nivel de Transición: Texto para el párvulo
Shranjeno v:
| Main Authors: | , |
|---|---|
| Format: | Knjiga |
| Jezik: | španščina |
| Izdano: |
Santiago
Cal y Canto
2009
|
| Izdaja: | 1a. ed |
| Teme: | |
| Oznake: |
Označite
Brez oznak, prvi označite!
|
MARC
| LEADER | 00000nam a2200000 a 4500 | ||
|---|---|---|---|
| 001 | UCG0052 | ||
| 003 | CL-VaPUC | ||
| 008 | 100312e20090000CL |||||||||||||||||spa|d | ||
| 020 | |a 9789568623357 | ||
| 082 | 0 | 4 | |a 372.21 |b CAF |2 21 |
| 100 | 0 | |a Caffarena Barcenilla, Carolina |e author |9 547360 | |
| 700 | 0 | |a Irusta Pineda, Leticia |e author |9 547361 | |
| 245 | 1 | 0 | |a Primer Nivel de Transición: Texto para el párvulo |
| 250 | |a 1a. ed | ||
| 300 | |a 201 p | ||
| 942 | |c BK | ||
| 945 | |d 20100312 00:00:00 |a rbrito | ||
| 260 | |a Santiago |b Cal y Canto |c 2009 | ||
| 650 | 0 | |a Educación preescolar |9 260381 | |
| 650 | 0 | |a Jardines infantiles |9 307427 | |
| 650 | 0 | |a Métodos de enseñanza |9 270413 | |
| 583 | |a last modification |c 20121105 02:46:36 |k Rodrigo Vera | ||
| 999 | |c 339803 |d 339801 | ||
| 952 | |0 0 |1 0 |4 0 |6 372_210000000000000_CAF_2009 |7 0 |8 A |9 433836 |a BIBEDU |b BIBEDU |d 2019-11-22 |i 4639022 |o 372.21 CAF 2009 |p 4639022 |r 2019-11-22 |w 2019-11-22 |y BK |k PAR | ||
| 952 | |0 0 |1 0 |4 0 |6 372_210000000000000_CAF_2009 |7 0 |8 A |9 433837 |a BIBEDU |b BIBEDU |d 2019-11-22 |i 4639030 |o 372.21 CAF 2009 |p 4639030 |r 2019-11-22 |w 2019-11-22 |y BK |k PAR | ||
| 952 | |0 0 |1 0 |4 0 |6 372_210000000000000_CAF_2009 |7 0 |8 A |9 433838 |a BIBEDU |b BIBEDU |d 2019-11-22 |i 4639049 |o 372.21 CAF 2009 |p 4639049 |r 2019-11-22 |w 2019-11-22 |y BK |k PAR | ||
| 952 | |0 0 |1 0 |4 0 |6 372_210000000000000_CAF_2009 |7 0 |8 A |9 433839 |a BIBEDU |b BIBEDU |d 2019-11-22 |i 4639057 |o 372.21 CAF 2009 |p 4639057 |r 2019-11-22 |w 2019-11-22 |y BK |k PAR | ||
| 952 | |0 0 |1 0 |4 0 |6 372_210000000000000_CAF_2009 |7 0 |8 A |9 433840 |a BIBEDU |b BIBEDU |c ES_NOD |d 2019-11-22 |i 4639065 |o 372.21 CAF 2009 |p 4639065 |r 2023-08-09 |w 2019-11-22 |y BK |k PAR | ||
| 952 | |0 0 |1 0 |4 0 |6 372_210000000000000_CAF_2009 |7 0 |8 A |9 433841 |a BIBEDU |b BIBEDU |d 2019-11-22 |i 4639073 |o 372.21 CAF 2009 |p 4639073 |r 2019-11-22 |w 2019-11-22 |y BK |k PAR | ||
| 952 | |0 0 |1 0 |4 0 |6 372_210000000000000_CAF_2009 |7 0 |8 A |9 433842 |a BIBEDU |b BIBEDU |c ES_NOD |d 2019-11-22 |i 4639081 |o 372.21 CAF 2009 |p 4639081 |r 2023-08-09 |w 2019-11-22 |y BK |k PAR | ||
| 952 | |0 0 |1 0 |4 0 |6 372_210000000000000_CAF_2009 |7 0 |8 A |9 433843 |a BIBEDU |b BIBEDU |d 2019-11-22 |i 463909K |o 372.21 CAF 2009 |p 463909K |r 2019-11-22 |w 2019-11-22 |y BK |k PAR | ||
| 952 | |0 0 |1 0 |4 0 |6 372_210000000000000_CAF_2009 |7 0 |8 A |9 433844 |a BIBEDU |b BIBEDU |d 2019-11-22 |i 4639103 |o 372.21 CAF 2009 |p 4639103 |r 2019-11-22 |w 2019-11-22 |y BK |k PAR | ||
| 952 | |0 0 |1 0 |4 0 |6 372_210000000000000_CAF_2009 |7 0 |8 A |9 433845 |a BIBEDU |b BIBEDU |d 2019-11-22 |i 4639111 |o 372.21 CAF 2009 |p 4639111 |r 2019-11-22 |w 2019-11-22 |y BK |k PAR | ||